Materazzi... Ou Maserati ? - Statistiques

Statistiques générales
  • Ce quiz a été pris 323 fois
  • Le résultat moyen est 9 sur 15
Statistiques - réponses
Question Réponse % Correct
Est Italien. Les deux
93%
Est né en 1973. Materazzi
93%
Accélère de 0 à 100 km/h en 3,5 secondes. Maserati
90%
Est détesté par tout un pays. Materazzi
88%
A été accusé de racisme. Materazzi
80%
Peut être abîmé si on lui donne un coup de tête. Les deux
70%
A été racheté par des Français pendant un certain temps. Maserati
63%
A été racheté à de multiples reprises. Les deux
55%
A eu une statue exposé sur le parvis de Beaubourg. Materazzi
53%
A porté les couleurs noir, blanc et bleu pendant une période. Les deux
48%
Est originaire de la ville de Modène. Maserati
45%
Est partenaire avec une marque de montre. Maserati
45%
A déjà battu un record dans sa catégorie. Les deux
40%
A déjà été champion du monde dans sa catégorie. Les deux
38%
Ça fait mal de se le prendre à pleine vitesse. Maserati
33%
Aucun quiz correspondant
Distribution des résultats
% des personnes avec chaque résultat
Percentile par nombre de réponses
Votre historique - résultats
Vous n’avez pas pris ce quiz